| 000 | 00439nam a2200157 a 4500 | ||
|---|---|---|---|
| 005 | 20140412111337.0 | ||
| 008 | 031007s19uu xx 00 eng d | ||
| 050 |
_aER _bOp1 1989 |
||
| 245 |
_aOpposites up and down / _cillustrated by Chiaki Saji. |
||
| 260 |
_aTokyo : _bFroebel-kan Co., Lt.d, _c[n.d.] |
||
| 300 | _a10 board pages | ||
| 440 | _aSunny Day Series | ||
| 650 | _aOpposites | ||
| 650 | _aPicture word book | ||
| 999 |
_c105057 _d105057 |
||